000 00732nam a2200205Ii 4500
003 JO-AjNU
008 230605s9999||||xx |||||||||||||| ||und||
040 _aJO-AjNU
_bara
_erda
_cJO-AjNU
041 _aara
050 1 4 _aLA1104.S82.A32.2006
100 3 _aآدم،عصام الدين برير مؤلف/الراميني،فواز فتح الله مراجع,
_eauthor
_923302
245 0 0 _aالتخطيط التربوي والتنمية البشرية
250 _aط1
264 3 1 _aالإمارات:دار الكتاب الجامعي،2006
300 _a314ص
336 _atext
_btxt
_2rdacontent
337 _aunmediated
_bn
_2rdamedia
338 _avolume
_bnc
_2rdacarrier
650 4 _a التخطيط التربوي
_923303
999 _aA8407
_c11975
_d11975